Anti-psychotiques - Statistiques

Statistiques générales
  • Ce quiz a été pris 14 fois
  • Le résultat moyen est 4 sur 41
Statistiques - réponses
Indices Réponses % Correct
Spécialité 4 Abilify
42%
DCI 1 Olanzapine
42%
Spécialité 2 Risperdal
42%
Spécialité 13 Tercian
42%
DCI 4 Aripiprazole
33%
DCI 5 Quétiapine
33%
DCI 6 Clozapine
25%
Spécialité 16 Loxapac
25%
DCI 13 Cyamémazine
17%
Spécialité 10 Haldol
17%
DCI 16 Loxapine
17%
DCI 2 Rispéridone
17%
Spécialité 1 Zyprexa
17%
DCI 8 Chlorpromazine
8%
Spécialité 12 Clopixol
8%
Spécialité 8 Largactil
8%
Spécialité 7 Xeplion
8%
Spécialité 5 Xeroquel
8%
DCI 3 Amisulpride
0%
Spécialité 20 Dogmatil
0%
Spécialité 9 Fluanxol
0%
DCI 9 Flupentixol
0%
DCI 14 Fluphénazine
0%
DCI 10 Halopéridol
0%
Spécialité 6 Leponex
0%
DCI 15 Lévomépromazine
0%
Spécialité 14 Modecate
0%
Spécialité 19 Neuleptil
0%
Spécialité 15 Nozinan
0%
Spécialité 18 Orap
0%
DCI 7 Palipéridone
0%
DCI 17 Penfluridol
0%
DCI 18 Pimozide
0%
Spécialité 11 Piportil
0%
DCI 11 Pipotiazine
0%
DCI 19 Propériciazine
0%
Spécialité 17 Semap
0%
Spécialité 3 Solian
0%
DCI 20 Sulpiride
0%
Spécialité 7 Trevicta
0%
DCI 12 Zuclopenthixol
0%
Aucun quiz correspondant
Distribution des résultats
% des personnes avec chaque résultat
Percentile par nombre de réponses
Votre historique - résultats
Vous n’avez pas pris ce quiz